|
|
|
|
| LEADER |
00721nab a2200169 i 4500 |
| 001 |
univ59979 |
| 005 |
20210909152509.0 |
| 008 |
210909s2021 hu o 0|| hun d |
| 040 |
|
|
|a SZTE UnivHistória Repozitórium
|b hun
|
| 041 |
|
|
|a hun
|
| 245 |
0 |
0 |
|a Megugrott a nyári halálozási szám az egy évvel korábbihoz képest
|h [elektronikus dokumentum]
|
| 260 |
|
|
|c 2021-09-07
|
| 490 |
0 |
|
|a Szeged TV
|
| 561 |
|
|
|a Egyetemi hirarchívum
|
| 695 |
|
|
|a Szent Györgyi Albert Klinikai Központ - SZAKK, Járvány - koronavírus, Betegellátás - koronavírusos betegek, Rovó László - rektor
|
| 700 |
0 |
1 |
|a Rácz Csaba
|
| 856 |
4 |
0 |
|u http://univ.bibl.u-szeged.hu/59979/1/10000000_3073378652988416_2606910157498136722_n.mp4
|z Dokumentum-elérés
|